Double Letters A-Z - Statistics

General Stats
  • This quiz has been taken 25 times
  • The average score is 12 of 26
Answer Stats
Letter Hint Answer % Correct
B Take small bites of something Nibble
90%
A Shielded savanna animal Aardvark
71%
H Snag a ride with your thumb Hitchhike
71%
Z Lightheaded and disoriented Dizzy
67%
M Ancient Egyptian preservation Mummification
67%
L Soft cushion for sleeping Pillow
67%
G Cozy up with someone Snuggle
67%
E Strong and durable metal Steel
62%
C Bottom bone in your spine Coccyx
57%
N Rotating or turning around Spinning
57%
U Suction-based cleaning tool Vacuum
57%
J Islamic pilgrimage to Mecca Hajj
52%
O Kids buzzing musical instrument Kazoo
52%
T Fatty baked goods ingredient Butter
48%
D Shake with fear Shudder
48%
K Travelling great distances Trekking
48%
I Half the diameters of circles Radii
43%
W Bark of a dog Bowwow
38%
F Quick period of time Jiffy
38%
P Messy and unclean Sloppy
38%
S Single flower bloom Blossom
29%
V Cleverness Savvy
24%
X Reveal private information Doxx
14%
R Startling and alarming Jarring
14%
Q Ones following after Seqq
10%
Y Islamic chief or leader Sayyid
5%
No matching quizzes found
Score Distribution
Percent of People with Each Score
Percentile by Number Answered
Your Score History
You have not taken this quiz